Fragen aus der Wissenschaft - Buchstabe J - Statistiken

Allgemein
  • Dieses Quiz wurde 144 mal gespielt
  • Das Durchschnittsergebnis liegt bei 12 aus 20
Antwortstatistiken
Hinweis Antwort % Korrekt
Großkatze auf dem amerikanischen Kontinent Jaguar
100%
Größter Planet im Sonnensystem Jupiter
100%
Zeitspanne, in der die Erde die Sonne umrundet Jahr
99%
Gewaltenteilung: Rechtsprechende Gewalt Judikative
90%
Geologische Periode im Erdmittelalter, Dinosaurier Jura
89%
Gebräuchliches Dateiformat für digitale Bilder JPEG
87%
"Königlicher" Edelstein, besonders in China beliebt Jade
72%
Namensgeber der SI-Einheit für Energie James Prescott Joule
72%
Kalibrierung oder Feineinstellung eines Messgeräts Justierung
62%
Chemisches Element, violetter Feststoff Jod
59%
Versmaß in der Dichtkunst Jambus
58%
Fachsprache einer bestimmten Gruppe oder Berufsgruppe Jargon
57%
Deutscher Pädagoge und Turnvater Friedrich Ludwig Jahn
54%
Instinkt bei Raubtieren zum Beutefang Jagdtrieb
47%
Naturfaser, einjähriger tropischer Strauch Jute
47%
Starker Höhenwind in der Atmosphäre Jetstream
36%
Schweizer Psychiater, analytische Psychologie Carl Gustav Jung
26%
Beliebter Gartenstrauch, Familie der Ölbaumgewächse Jasmin
22%
Deutscher Forscher und Ingenieur von Flugmotoren Hugo Junkers
10%
Frz. Erfinder der nach ihm benannten Musterwebmaschine Joseph-Marie Jacquard
7%
Keine übereinstimmenden Quizze gefunden
Verteilung der Resultate
Anzahl Personen mit jedem Resultat
Perzentil nach korrekt beantworteten Fragen
Ihre Resultats-Entwicklung
Sie haben dieses Quiz noch nicht gespielt